[Event "Moscow ACF Botvinnik Memorial U14 Girls"]
[Site "Moscow"]
[Date "2017.11.08"]
[Round "11"]
[White "Batyrowa, Merjen"]
[Black "Mirlankyzy, Azaliia"]
[Result "1-0"]
[WhiteElo "1602"]
[BlackElo "1405"]
[PlyCount "151"]
[EventDate "2017.11.02"]
[EventType "tourn"]
[EventRounds "11"]
[EventCountry "RUS"]
[SourceTitle "CBM 181 Extra"]
[Source "ChessBase"]
[SourceDate "2017.12.12"]
[SourceVersion "1"]
[SourceVersionDate "2017.12.12"]
[SourceQuality "1"]

1. d4 Nf6 2. c4 g6 3. Nc3 Bg7 4. e4 d6 5. Nf3 0-0 6. Be2 Nbd7 7. 0-0 c5 8. d5 Re8 9. Qc2 b6 10. h3 Bb7 11. Be3 e5 12. Nd2 h6 13. a3 a5 14. Rab1 Ba6 15. b4 axb4 16. axb4 g5 17. bxc5 bxc5 18. Qa4 Bb7 19. Qb5 Rb8 20. Qa4 Ra8 21. Qb3 Rb8 22. Qa4 Nb6 23. Qb3 Ba6 24. Nb5 Bxb5 25. Qxb5 Qc7 26. Qa6 Nfd7 27. Ra1 Ra8 28. Qb5 Reb8 29. Rxa8 Nxa8 30. Qa6 Nab6 31. Rb1 Ra8 32. Qb5 Na4 33. Ra1 Ndb6 34. Bg4 Kf8 35. Nf1 Ke7 36. Bd2 Rh8 37. Ba5 Qb8 38. Bd1 Qe8 39. Bxa4 Nxa4 40. Qxe8+ Rxe8 41. Rxa4 Ra8 42. Ra1 f5 43. f3 f4 44. Bc3 Rxa1 45. Bxa1 Bf6 46. Kf2 Kd7 47. g3 Bd8 48. gxf4 gxf4 49. Bc3 h5 50. Kg2 Kc8 51. Nd2 Kb7 52. Nb3 Ka6 53. Kf2 Bb6 54. Kg2 Bc7 55. Kh2 Bb6 56. Kg2 Bc7 57. Bxe5 dxe5 58. Nxc5+ Ka5 59. Ne6 Bb8 60. c5 Kb5 61. c6 Kb6 62. c7 Bxc7 63. Nxc7 Kxc7 64. h4 Kb6 65. Kf2 Kb5 66. Ke2 Ka5 67. Kd3 Kb5 68. d6 Kc6 69. Kc4 Kxd6 70. Kb5 Kd7 71. Kc5 Ke6 72. Kc6 Ke7 73. Kd5 Kf6 74. Kd6 Kf7 75. Kxe5 Ke7 76. Kxf4 1-0

[Event "Moscow ACF Botvinnik Memorial U14 Girls"]
[Site "Moscow"]
[Date "2017.11.07"]
[Round "9"]
[White "Batyrowa, Merjen"]
[Black "Beydullayeva, Govhar"]
[Result "0-1"]
[WhiteElo "1602"]
[BlackElo "2216"]
[PlyCount "143"]
[EventDate "2017.11.02"]
[EventType "tourn"]
[EventRounds "11"]
[EventCountry "RUS"]
[SourceTitle "CBM 181 Extra"]
[Source "ChessBase"]
[SourceDate "2017.12.12"]
[SourceVersion "1"]
[SourceVersionDate "2017.12.12"]
[SourceQuality "1"]

1. d4 d5 2. c4 c6 3. Nf3 Nf6 4. e3 e6 5. Nc3 Nbd7 6. Bd3 dxc4 7. Bxc4 b5 8. Be2 Bb7 9. 0-0 a6 10. a3 c5 11. dxc5 Bxc5 12. b4 Be7 13. Bb2 0-0 14. Rc1 Rc8 15. Qb3 Qb6 16. Rfd1 Rfd8 17. Rd2 Nd5 18. Qd1 N7f6 19. Nxd5 Bxd5 20. Bd4 Qb7 21. Rxc8 Rxc8 22. Rc2 Rd8 23. Qc1 Ne8 24. h3 Be4 25. Rc3 f6 26. Bc5 Nd6 27. Ne1 Bd5 28. Bf3 Bxf3 29. Nxf3 Ne4 30. Rc2 Nxc5 31. bxc5 e5 32. c6 Qc7 33. Rd2 Bd6 34. e4 Rc8 35. Rc2 Qe7 36. Rc3 a5 37. Qd2 b4 38. Qd5+ Qf7 39. axb4 Qxd5 40. exd5 axb4 41. Rc1 Rd8 42. Nd2 Bc7 43. Rc5 Kf8 44. Rb5 Rb8 45. Rxb8+ Bxb8 46. Kf1 Ke7 47. Nc4 b3 48. Ke2 b2 49. Nxb2 Kd6 50. Nd3 Kxd5 51. Nb4+ Kd6 52. f3 Ba7 53. Kd3 Bc5 54. Nc2 Kxc6 55. Ke4 Bd6 56. Ne3 g6 57. g4 Kd7 58. h4 Bc5 59. Nd5 Ke6 60. Nc7+ Kd6 61. Nb5+ Ke6 62. Nc7+ Kd7 63. Nd5 Be7 64. h5 Kd6 65. Ne3 Ke6 66. hxg6 hxg6 67. f4 exf4 68. Kxf4 Bc5 69. Ng2 Kd5 70. Kf3 g5 71. Ne1 Kd4 72. Ng2 0-1

[Event "Moscow ACF Botvinnik Memorial U14 Girls"]
[Site "Moscow"]
[Date "2017.11.06"]
[Round "8"]
[White "Mkrtchyan, Mariam"]
[Black "Batyrowa, Merjen"]
[Result "1-0"]
[WhiteElo "1921"]
[BlackElo "1602"]
[PlyCount "68"]
[EventDate "2017.11.02"]
[EventType "tourn"]
[EventRounds "11"]
[EventCountry "RUS"]
[SourceTitle "CBM 181 Extra"]
[Source "ChessBase"]
[SourceDate "2017.12.12"]
[SourceVersion "1"]
[SourceVersionDate "2017.12.12"]
[SourceQuality "1"]

1. d4 d5 2. Nf3 Nf6 3. c4 e6 4. g3 Be7 5. Bg2 0-0 6. 0-0 c6 7. Nbd2 Nbd7 8. Qc2 Re8 9. Rd1 Qc7 10. e4 dxe4 11. Nxe4 Nxe4 12. Qxe4 Nf6 13. Qe2 b6 14. Bf4 Bd6 15. Ne5 Bb7 16. Rac1 Nd7 17. c5 Bxe5 18. Bxe5 Nxe5 19. dxe5 Red8 20. Rd6 bxc5 21. Rcd1 Rxd6 22. exd6 Qa5 23. d7 Rd8 24. Qe5 h6 25. Qd6 Qb6 26. h4 h5 27. b3 Ba8 28. Qe7 g6 29. Rd6 c4 30. bxc4 Qa5 31. c5 Bb7 32. Kh2 Qc7 33. Bh3 e5 34. Be6 Bc8 1-0

[Event "World School-ch U13 Girls"]
[Site "Sochi"]
[Date "2016.12.11"]
[Round "9"]
[White "Usacheva, Glafira"]
[Black "Batyrowa, Merjen"]
[Result "1/2-1/2"]
[WhiteElo "1771"]
[BlackElo "1492"]
[PlyCount "94"]
[EventDate "2016.12.03"]
[EventType "swiss"]
[EventRounds "9"]
[EventCountry "RUS"]
[SourceTitle "EXT 2018"]
[Source "ChessBase"]
[SourceDate "2017.10.13"]
[SourceVersion "1"]
[SourceVersionDate "2017.10.13"]
[SourceQuality "1"]

1. d4 d5 2. c4 e6 3. Nc3 Nf6 4. Bg5 Be7 5. cxd5 Nxd5 6. Bxe7 Qxe7 7. e3 0-0 8. Nf3 b6 9. Bd3 Bb7 10. 0-0 Nd7 11. Rc1 c5 12. Nxd5 Bxd5 13. Bb5 Rac8 14. Qa4 Bxf3 15. gxf3 Nf6 16. Kh1 Nd5 17. Be2 cxd4 18. Qxd4 Nf6 19. Rg1 Rxc1 20. Rxc1 Rd8 21. Qe5 h6 22. Rc2 Rd5 23. Rc8+ Rd8 24. Rc2 Rd5 25. Qf4 e5 26. Qf5 Rc5 27. Bd3 Qd7 28. Rxc5 Qxf5 29. Bxf5 bxc5 30. Kg1 Kf8 31. Kf1 g6 32. Bc2 Ke7 33. Bb3 Ne8 34. Ke2 Nd6 35. Bd5 Kf6 36. Bc6 Kg5 37. Kf1 f5 38. Kg2 h5 39. Kg3 Kf6 40. h4 g5 41. hxg5+ Kxg5 42. f4+ exf4+ 43. exf4+ Kh6 44. Bd7 Ne4+ 45. Kf3 Kg6 46. Be8+ Kh6 47. Bd7 Kg6 1/2-1/2

[Event "World School-ch U13 Girls"]
[Site "Sochi"]
[Date "2016.12.08"]
[Round "5"]
[White "Surkova, Ekaterina"]
[Black "Batyrowa, Merjen"]
[Result "0-1"]
[WhiteElo "1552"]
[BlackElo "1492"]
[PlyCount "66"]
[EventDate "2016.12.03"]
[EventType "swiss"]
[EventRounds "9"]
[EventCountry "RUS"]
[SourceTitle "EXT 2018"]
[Source "ChessBase"]
[SourceDate "2017.10.13"]
[SourceVersion "1"]
[SourceVersionDate "2017.10.13"]
[SourceQuality "1"]

1. e4 e5 2. Nf3 Nc6 3. d4 exd4 4. Nxd4 Bc5 5. Nxc6 bxc6 6. Nc3 Nf6 7. Bg5 d6 8. Qf3 Qe7 9. Bxf6 Qxf6 10. Qxf6 gxf6 11. Bd3 Rb8 12. Rb1 Bd4 13. Nd1 Be6 14. c3 Bb6 15. h3 Rg8 16. g3 d5 17. Rf1 Kf8 18. Ke2 Kg7 19. Ne3 Bxe3 20. Kxe3 dxe4 21. Bxe4 Rge8 22. Bxc6 Bd7+ 23. Be4 f5 24. f3 Bc6 25. Rbe1 fxe4 26. fxe4 Rxe4+ 27. Kf2 Rxe1 28. Rxe1 Rd8 29. Re2 Kf8 30. b3 Rd5 31. Rb2 Rd3 32. c4 Rc3 33. Ke2 Bd7 0-1